Planning for progress (Record no. 53707)

MARC details
000 -LEADER
fixed length control field 00530nam a2200145 a 4500
008 - FIXED-LENGTH DATA ELEMENTS--GENERAL INFORMATION
fixed length control field 120416nuuuuuuuuxx |||||||||||||| || u
050 ## - LIBRARY OF CONGRESS CALL NUMBER
Classification number HC 865 Pla
245 10 - TITLE STATEMENT
Title Planning for progress
246 ## - VARYING FORM OF TITLE
Title proper/short title our fourth development plan 1979 - 1983
260 ## - PUBLICATION, DISTRIBUTION, ETC.
Place of publication, distribution, etc.
Name of publisher, distributor, etc. Government Printer
Date of publication, distribution, etc. n.d
350 ## - PRICE (NR) (BK AM CF MU VM SE) [OBSOLETE]
Price 0.00
650 ## - SUBJECT ADDED ENTRY--TOPICAL TERM
Topical term or geographic name entry element ECONOMIC DEVELOPMENT PLAN--KENYA--1979-1983
650 #0 - SUBJECT ADDED ENTRY--TOPICAL TERM
Topical term or geographic name entry element ECONOMICS
995 ## - RECOMMENDATION 995 [LOCAL, UNIMARC FRANCE]
-- 0.00
-- CBU-MAIN LIBRARY (Kitwe)
-- 1
-- 0.00
-- 1
-- DAMAGED
-- Main Library Open Access Collection
Holdings
Withdrawn status Lost status Source of classification or shelving scheme Damaged status Not for loan Home library Current library Shelving location Date acquired Total Checkouts Full call number Barcode Date last seen Price effective from Koha item type
          CBU-MAIN LIBRARY, KITWE. CBU-MAIN LIBRARY, KITWE.   11/30/2022   HC 865 Pla 002985 11/30/2022 11/30/2022 MONOGRAPH